Yugoslav search for man: marxist humanism in contemporary Yugoslavia (Record no. 2279)

MARC details
000 -LEADER
fixed length control field 00512nam a2200169Ia 4500
020 ## - INTERNATIONAL STANDARD BOOK NUMBER
ISBN 0-89789-005-1
082 ## - DEWEY DECIMAL CLASSIFICATION NUMBER
Classification number 335.4344 GRU-;
100 ## - MAIN ENTRY--AUTHOR NAME
Personal name Gruenwald, Oskar
245 #0 - TITLE STATEMENT
Title Yugoslav search for man: marxist humanism in contemporary Yugoslavia
260 ## - PUBLICATION, DISTRIBUTION, ETC. (IMPRINT)
Place of publication United States
Name of publisher J.F. Bergin Publishing
Year of publication 1983
300 ## - PHYSICAL DESCRIPTION
Number of Pages ix, 438p.
504 ## - BIBLIOGRAPHY, ETC. NOTE
Bibliography, etc Includes index, biblography
650 ## - SUBJECT ADDED ENTRY--TOPICAL TERM
Topical Term Communism and Philosophy - Yugoslavia
650 ## - SUBJECT ADDED ENTRY--TOPICAL TERM
Topical Term Communism - Yugoslavia
650 ## - SUBJECT ADDED ENTRY--TOPICAL TERM
Topical Term Humanism - Yugoslavia
942 ## - ADDED ENTRY ELEMENTS (KOHA)
Koha item type Books
Holdings
Withdrawn status Lost status Damaged status Not for loan Home library Current library Date acquired Bill Date Full call number Accession Number Price effective from Koha item type
        NASSDOC Library NASSDOC Library 08/06/2004 2004-10-05 335.4344 GRU-; 36783 18/04/2019 Books